00505nam a2200169 a 4500001001000000003000400010005001700014008004100031040002500072082002100097100002400118245006400142250001100206260004800217300004200265504002800307000027376OSt20201006110257.0110330s1970 dr abc 000 0 spa d aDO-SdBNPbspacBNPHU axxxbM762b, 19701 aMontás, Argentina10aBosquejo de la historia de América /cArgentina Montás. a4a ed. aSanto Domingo :bEditora del Caribe,c1970. a288 p. :bil., mapa, retrs. ;c23 cm. aBibliografía : p. 289